01005nam a22002777a 4500003000500000005001700005008004100022010001000063011001100073035001100084040000900095100002900104245019600133260004000329300004800369502008200417530003600499650001600535650002000551650001800571650001800589650001900607650001300626650002400639856006400663CHAP20220817044351.0100810s2010 mx r 00010 spa d a99037 a100009 a110695 cCHAP1 aPeña Flores, Maricela.10aEvaluación de la sobrevivencia de especies de orquídeas (Dichaea glauca y Encyclia candollei) rescatadas en la construcción de la autopista México- Tuxpanc/por Marisela Peña Flores aChapingo, Méx. :bEl autor,c2010 ax, 65 h. :bilus., cuadros, gráfs., mapas aTesis (Ing. en Recursos Naturales Renovables) -- UACH. Departamento de Suelos aTambién disponible en línea14aCarreteras.14aConstrucción.14aEvaluación.14aFlora alpina.14aOrquidáceas.14aPlantas.14aViveros forestales. 3Finding aiduhttp://10.13.5.2/tesis/110695.pdfzTeclea aqui